[Event "NK 2023 kwalicificatie"]
[Site "Haarlem, Netherlands"]
[Date "2023.06.04"]
[Round "3.2"]
[White "De Winter, Arthur"]
[Black "Timmermans, Mark"]
[Result "1-0"]
[BlackCountry "NL"]
[BlackElo "2402"]
[BlackTitle "IM"]
[WhiteCountry "NL"]
[WhiteElo "2378"]
[WhiteTitle "FM"]

1. e4 {[%clk 0:15:05.0]} e5 {[%clk 0:15:03.4]} 2. Nf3 {[%clk 0:15:08.3]} Nc6 {[%clk 0:15:06.8]} 3. Bb5 {[%clk 0:15:11.7]} f5 {[%clk 0:15:10.7]} 4. d3 {[%clk 0:15:15.9]} d6 {[%clk 0:15:11.6]} 5. exf5 {[%clk 0:15:01.0]} a6 {[%clk 0:15:13.8]} 6. Ba4 {[%clk 0:14:59.5]} Bxf5 {[%clk 0:15:04.9]} 7. 0-0 {[%clk 0:14:57.1]} Nf6 {[%clk 0:15:03.6]} 8. d4 {[%clk 0:14:45.0]} e4 {[%clk 0:14:35.0]} 9. d5 {[%clk 0:14:22.3]} exf3 {[%clk 0:14:15.4]} 10. dxc6 {[%clk 0:13:57.4]} b5 {[%clk 0:14:19.1]} 11. Qxf3 {[%clk 0:13:36.1]} Be4 {[%clk 0:14:06.5]} 12. Qe3 {[%clk 0:13:04.6]} bxa4 {[%clk 0:14:05.6]} 13. f3 {[%clk 0:13:07.8]} Qe7 {[%clk 0:12:50.4]} 14. fxe4 {[%clk 0:13:08.7]} Qxe4 {[%clk 0:12:54.3]} 15. Qc3 {[%clk 0:11:37.7]} Be7 {[%clk 0:11:54.0]} 16. Re1 {[%clk 0:11:28.9]} Qd5 {[%clk 0:11:57.5]} 17. Na3 {[%clk 0:10:38.8]} Kf7 {[%clk 0:11:36.1]} 18. Bf4 {[%clk 0:10:14.4]} Rhe8 {[%clk 0:11:06.6]} 19. Rad1 {[%clk 0:10:02.2]} Qf5 {[%clk 0:10:09.9]} 20. Rf1 {[%clk 0:09:51.0]} Qc5+ {[%clk 0:09:56.4]} 21. Qxc5 {[%clk 0:09:51.2]} dxc5 {[%clk 0:10:00.2]} 22. Nc4 {[%clk 0:09:43.9]} Kg8 {[%clk 0:09:31.1]} 23. Bxc7 {[%clk 0:07:55.5]} Rac8 {[%clk 0:07:01.4]} 24. Rd7 {[%clk 0:07:55.9]} Bf8 {[%clk 0:07:05.4]} 25. Nb6 {[%clk 0:07:37.5]} c4 {[%clk 0:06:39.2]} 26. Nxc8 {[%clk 0:07:31.7]} Bc5+ {[%clk 0:06:21.1]} 27. Kh1 {[%clk 0:07:31.8]} Ne4 {[%clk 0:06:25.3]} 28. Bg3 {[%clk 0:06:56.2]} Rxc8 {[%clk 0:05:59.4]} 29. c7 {[%clk 0:06:55.8]} Bb6 {[%clk 0:06:03.4]} 30. Be5 {[%clk 0:06:44.5]} Nf6 {[%clk 0:05:31.2]} 31. Bxf6 {[%clk 0:06:40.9]} gxf6 {[%clk 0:05:35.0]} 32. Rd8+ {[%clk 0:06:37.1]} Rxd8 {[%clk 0:05:38.0]} 33. cxd8=R+ {[%clk 0:06:39.7]} Bxd8 {[%clk 0:05:42.1]} 34. Rf4 {[%clk 0:06:43.0]} a3 {[%clk 0:05:40.9]} 35. Rxc4 {[%clk 0:06:41.5]} axb2 {[%clk 0:05:40.3]} 36. Rb4 {[%clk 0:06:44.8]} {Black Resigned} 1-0

[Event "NK 2023 kwalicificatie"]
[Site "Haarlem, Netherlands"]
[Date "2023.06.04"]
[Round "3.3"]
[White "Beerdsen, Thomas"]
[Black "Van Orsouw, Theo"]
[Result "1-0"]
[BlackElo "1909"]
[WhiteCountry "NL"]
[WhiteElo "2520"]
[WhiteTitle "IM"]

1. e4 {[%clk 0:15:05.0]} c5 {[%clk 0:15:00.9]} 2. Nf3 {[%clk 0:15:08.5]} d6 {[%clk 0:15:01.7]} 3. Nc3 {[%clk 0:15:12.0]} Nc6 {[%clk 0:15:01.3]} 4. d4 {[%clk 0:15:05.7]} cxd4 {[%clk 0:14:59.0]} 5. Nxd4 {[%clk 0:15:09.4]} g6 {[%clk 0:14:54.5]} 6. h3 {[%clk 0:15:12.7]} Bg7 {[%clk 0:14:55.9]} 7. Nf3 {[%clk 0:15:15.8]} Nf6 {[%clk 0:14:55.0]} 8. Bc4 {[%clk 0:15:18.5]} 0-0 {[%clk 0:14:51.2]} 9. 0-0 {[%clk 0:15:21.5]} a6 {[%clk 0:14:39.0]} 10. Qe2 {[%clk 0:15:19.9]} b5 {[%clk 0:14:28.6]} 11. Bb3 {[%clk 0:15:21.4]} Bb7 {[%clk 0:14:29.4]} 12. Bg5 {[%clk 0:15:23.6]} Na5 {[%clk 0:14:06.9]} 13. Rad1 {[%clk 0:15:23.1]} Qc7 {[%clk 0:13:43.9]} 14. Rfe1 {[%clk 0:15:12.6]} Nxb3 {[%clk 0:13:31.5]} 15. cxb3 {[%clk 0:15:09.0]} Rac8 {[%clk 0:13:05.8]} 16. a4 {[%clk 0:14:54.7]} b4 {[%clk 0:12:48.2]} 17. Nd5 {[%clk 0:14:57.1]} Bxd5 {[%clk 0:11:32.4]} 18. exd5 {[%clk 0:14:57.9]} Qc2 {[%clk 0:10:38.4]} 19. Qxa6 {[%clk 0:13:46.7]} Qxb2 {[%clk 0:10:10.4]} 20. Nd4 {[%clk 0:13:25.4]} Nxd5 {[%clk 0:09:59.7]} 21. Nc6 {[%clk 0:13:24.2]} Rfe8 {[%clk 0:07:58.4]} 22. Rxd5 {[%clk 0:13:09.3]} Qc3 {[%clk 0:07:46.9]} 23. Rc1 {[%clk 0:13:02.0]} Qxb3 {[%clk 0:07:44.8]} 24. Qxc8 {[%clk 0:12:53.6]} Rxc8 {[%clk 0:07:29.4]} 25. Nxe7+ {[%clk 0:12:56.8]} Kh8 {[%clk 0:07:10.3]} 26. Rxc8+ {[%clk 0:12:59.8]} Bf8 {[%clk 0:07:13.3]} 27. Bf6# {[%clk 0:13:03.7]} 1-0

[Event "NK 2023 kwalicificatie"]
[Site "Haarlem, Netherlands"]
[Date "2023.06.04"]
[Round "3.4"]
[White "Baselmans, Luuk"]
[Black "ten Hertog, Hugo"]
[Result "0-1"]
[BlackCountry "NL"]
[BlackElo "2526"]
[BlackTitle "GM"]
[WhiteElo "2338"]

1. e4 {[%clk 0:15:05.0]} g6 {[%clk 0:15:03.2]} 2. d4 {[%clk 0:15:08.1]} Bg7 {[%clk 0:15:05.3]} 3. Nc3 {[%clk 0:15:11.8]} d6 {[%clk 0:15:09.4]} 4. f4 {[%clk 0:15:13.5]} a6 {[%clk 0:15:12.7]} 5. Nf3 {[%clk 0:15:15.8]} b5 {[%clk 0:15:15.7]} 6. Bd3 {[%clk 0:15:19.3]} Nd7 {[%clk 0:15:17.8]} 7. a4 {[%clk 0:15:15.7]} b4 {[%clk 0:14:27.8]} 8. Ne2 {[%clk 0:15:17.6]} a5 {[%clk 0:13:54.6]} 9. 0-0 {[%clk 0:15:06.5]} Ba6 {[%clk 0:13:46.2]} 10. Bxa6 {[%clk 0:14:51.0]} Rxa6 {[%clk 0:13:49.3]} 11. c3 {[%clk 0:14:31.8]} c5 {[%clk 0:13:23.5]} 12. Qd3 {[%clk 0:14:31.5]} Qa8 {[%clk 0:13:24.3]} 13. e5 {[%clk 0:14:08.0]} cxd4 {[%clk 0:13:14.3]} 14. cxd4 {[%clk 0:14:09.8]} Nh6 {[%clk 0:12:24.2]} 15. Ng5 {[%clk 0:13:03.1]} dxe5 {[%clk 0:11:26.9]} 16. fxe5 {[%clk 0:11:50.2]} 0-0 {[%clk 0:11:28.7]} 17. Nf4 {[%clk 0:11:09.9]} Rd8 {[%clk 0:10:10.2]} 18. e6 {[%clk 0:10:40.6]} Nc5 {[%clk 0:07:56.9]} 19. exf7+ {[%clk 0:10:34.5]} Nxf7 {[%clk 0:08:00.0]} 20. Qc4 {[%clk 0:10:28.8]} Bxd4+ {[%clk 0:08:03.4]} 21. Kh1 {[%clk 0:10:31.1]} Rf6 {[%clk 0:08:05.5]} 22. Nxf7 {[%clk 0:10:19.6]} Rxf7 {[%clk 0:08:08.1]} 23. Bd2 {[%clk 0:09:17.6]} Qa6 {[%clk 0:07:22.2]} 24. Qxa6 {[%clk 0:07:19.3]} Nxa6 {[%clk 0:07:24.9]} 25. Ne6 {[%clk 0:07:22.9]} Rd6 {[%clk 0:07:21.1]} 26. Rxf7 {[%clk 0:07:13.4]} Kxf7 {[%clk 0:07:24.4]} 27. Ng5+ {[%clk 0:06:41.7]} Ke8 {[%clk 0:07:08.0]} 28. Re1 {[%clk 0:05:23.3]} Bxb2 {[%clk 0:06:23.8]} 29. Bf4 {[%clk 0:05:23.0]} Bc3 {[%clk 0:05:46.9]} 30. Rf1 {[%clk 0:05:08.1]} Rd5 {[%clk 0:05:35.6]} 31. Nxh7 {[%clk 0:04:18.2]} b3 {[%clk 0:05:33.6]} 32. Ng5 {[%clk 0:04:19.4]} Nc5 {[%clk 0:05:26.0]} {White Resigned} 0-1

[Event "NK 2023 kwalicificatie"]
[Site "Haarlem, Netherlands"]
[Date "2023.06.04"]
[Round "3.5"]
[White "Slagboom, Leandro"]
[Black "Pijpers, Arthur"]
[Result "0-1"]
[BlackElo "2465"]
[WhiteCountry "NL"]
[WhiteElo "2270"]

1. e4 {[%clk 0:15:05.0]} c5 {[%clk 0:15:02.2]} 2. Nf3 {[%clk 0:15:08.4]} d6 {[%clk 0:15:05.9]} 3. d4 {[%clk 0:15:12.0]} cxd4 {[%clk 0:15:10.0]} 4. Nxd4 {[%clk 0:15:15.9]} Nf6 {[%clk 0:15:13.8]} 5. Nc3 {[%clk 0:15:19.9]} g6 {[%clk 0:15:17.8]} 6. Be3 {[%clk 0:15:22.1]} Bg7 {[%clk 0:15:21.6]} 7. f3 {[%clk 0:15:26.2]} Nc6 {[%clk 0:15:25.2]} 8. Qd2 {[%clk 0:15:29.6]} 0-0 {[%clk 0:15:29.0]} 9. 0-0-0 {[%clk 0:15:32.2]} h5 {[%clk 0:15:32.8]} 10. Kb1 {[%clk 0:15:27.3]} d5 {[%clk 0:15:36.0]} 11. Nxc6 {[%clk 0:15:24.1]} bxc6 {[%clk 0:15:38.3]} 12. e5 {[%clk 0:15:28.3]} Nd7 {[%clk 0:14:07.0]} 13. f4 {[%clk 0:15:30.3]} e6 {[%clk 0:13:50.7]} 14. Na4 {[%clk 0:15:24.3]} Rb8 {[%clk 0:13:44.1]} 15. b3 {[%clk 0:14:36.2]} f6 {[%clk 0:13:36.6]} 16. exf6 {[%clk 0:14:02.8]} Qxf6 {[%clk 0:13:23.5]} 17. c3 {[%clk 0:11:06.0]} c5 {[%clk 0:10:01.7]} 18. Nxc5 {[%clk 0:10:04.0]} a5 {[%clk 0:08:12.9]} 19. Bd4 {[%clk 0:07:34.5]} Nxc5 {[%clk 0:08:14.7]} 20. Bxf6 {[%clk 0:05:47.0]} Bxf6 {[%clk 0:08:16.3]} 21. Bd3 {[%clk 0:05:21.3]} Kg7 {[%clk 0:06:47.4]} 22. g4 {[%clk 0:03:44.9]} hxg4 {[%clk 0:06:46.1]} 23. h3 {[%clk 0:03:00.2]} g3 {[%clk 0:05:39.6]} 24. Rhg1 {[%clk 0:02:59.8]} e5 {[%clk 0:05:10.2]} 25. fxe5 {[%clk 0:03:01.5]} Bxe5 {[%clk 0:05:12.9]} 26. Qg5 {[%clk 0:01:44.5]} Nxd3 {[%clk 0:05:15.7]} 27. Rxd3 {[%clk 0:01:48.0]} Bf4 {[%clk 0:05:19.7]} 28. Qxd5 {[%clk 0:00:53.4]} Bf5 {[%clk 0:05:22.6]} 29. Kb2 {[%clk 0:00:37.0]} Bxd3 {[%clk 0:05:25.4]} 30. Qxd3 {[%clk 0:00:39.8]} Rbd8 {[%clk 0:05:29.2]} 31. Qe4 {[%clk 0:00:18.9]} Rd2+ {[%clk 0:05:32.0]} 32. Ka3 {[%clk 0:00:12.4]} Bd6+ {[%clk 0:05:26.7]} 33. Ka4 {[%clk 0:00:12.1]} Rf4 {[%clk 0:05:27.0]} 34. Qxf4 {[%clk 0:00:09.2]} Bxf4 {[%clk 0:05:30.4]} 35. Kxa5 {[%clk 0:00:13.0]} g2 {[%clk 0:05:34.3]} {White Resigned} 0-1

[Event "NK 2023 kwalicificatie"]
[Site "Haarlem, Netherlands"]
[Date "2023.06.04"]
[Round "4.2"]
[White "ten Hertog, Hugo"]
[Black "Slagboom, Leandro"]
[Result "1-0"]
[BlackCountry "NL"]
[BlackElo "2270"]
[WhiteCountry "NL"]
[WhiteElo "2526"]
[WhiteTitle "GM"]

1. g3 {[%clk 0:15:05.0]} d5 {[%clk 0:15:01.2]} 2. Bg2 {[%clk 0:15:08.7]} e5 {[%clk 0:14:58.9]} 3. d3 {[%clk 0:15:10.3]} Nf6 {[%clk 0:14:59.0]} 4. Nf3 {[%clk 0:15:11.2]} Nc6 {[%clk 0:15:02.4]} 5. a3 {[%clk 0:15:11.5]} a5 {[%clk 0:15:05.4]} 6. b3 {[%clk 0:14:35.3]} Bd6 {[%clk 0:14:47.4]} 7. Bb2 {[%clk 0:14:38.8]} 0-0 {[%clk 0:14:47.5]} 8. Nc3 {[%clk 0:14:37.8]} d4 {[%clk 0:13:40.0]} 9. Nb5 {[%clk 0:14:39.8]} Bc5 {[%clk 0:13:42.1]} 10. 0-0 {[%clk 0:14:13.8]} Re8 {[%clk 0:13:10.8]} 11. Qd2 {[%clk 0:13:47.6]} h6 {[%clk 0:12:39.5]} 12. c3 {[%clk 0:12:55.6]} Be6 {[%clk 0:11:27.3]} 13. cxd4 {[%clk 0:12:51.2]} exd4 {[%clk 0:11:26.8]} 14. Rac1 {[%clk 0:12:32.7]} Bb6 {[%clk 0:11:22.5]} 15. Rxc6 {[%clk 0:11:16.7]} bxc6 {[%clk 0:11:23.1]} 16. Nbxd4 {[%clk 0:11:20.5]} Bc8 {[%clk 0:05:54.6]} 17. Nxc6 {[%clk 0:09:37.6]} Qd6 {[%clk 0:05:57.2]} 18. Nfe5 {[%clk 0:08:56.9]} Bb7 {[%clk 0:05:49.2]} 19. Rc1 {[%clk 0:06:48.1]} Qe6 {[%clk 0:05:34.2]} 20. Rc4 {[%clk 0:06:18.8]} Nd7 {[%clk 0:03:20.5]} 21. Nxd7 {[%clk 0:05:04.6]} Qxd7 {[%clk 0:03:23.4]} 22. Ne5 {[%clk 0:05:08.2]} Rxe5 {[%clk 0:01:20.0]} 23. Bxb7 {[%clk 0:05:05.6]} Rae8 {[%clk 0:00:56.8]} 24. Bxe5 {[%clk 0:05:01.4]} Rxe5 {[%clk 0:01:00.3]} 25. Bf3 {[%clk 0:04:24.9]} Qe7 {[%clk 0:00:38.1]} 26. d4 {[%clk 0:04:10.9]} Rb5 {[%clk 0:00:30.6]} 27. b4 {[%clk 0:04:11.3]} axb4 {[%clk 0:00:30.4]} 28. axb4 {[%clk 0:04:14.3]} Qe6 {[%clk 0:00:24.8]} 29. Qc3 {[%clk 0:03:58.8]} Qf6 {[%clk 0:00:22.9]} 30. Kg2 {[%clk 0:03:56.7]} g6 {[%clk 0:00:20.6]} 31. e4 {[%clk 0:03:39.4]} Kg7 {[%clk 0:00:20.3]} 32. e5 {[%clk 0:03:42.2]} Qf5 {[%clk 0:00:08.1]} 33. Qd2 {[%clk 0:02:53.5]} g5 {[%clk 0:00:08.4]} 34. Bc6 {[%clk 0:02:46.8]} {Black Resigned} 1-0

[Event "NK 2023 kwalicificatie"]
[Site "Haarlem, Netherlands"]
[Date "2023.06.04"]
[Round "4.3"]
[White "Van Orsouw, Theo"]
[Black "Baselmans, Luuk"]
[Result "0-1"]
[BlackElo "2338"]
[WhiteElo "1909"]

1. e4 {[%clk 0:15:05.0]} c5 {[%clk 0:14:58.4]} 2. Nf3 {[%clk 0:15:04.2]} Nc6 {[%clk 0:15:01.3]} 3. d4 {[%clk 0:15:05.8]} cxd4 {[%clk 0:15:04.9]} 4. Nxd4 {[%clk 0:15:07.7]} Nf6 {[%clk 0:15:08.4]} 5. Nc3 {[%clk 0:15:08.0]} e5 {[%clk 0:15:11.7]} 6. Ndb5 {[%clk 0:15:07.1]} d6 {[%clk 0:15:15.4]} 7. Bg5 {[%clk 0:15:07.0]} a6 {[%clk 0:15:17.5]} 8. Bxf6 {[%clk 0:15:07.5]} gxf6 {[%clk 0:15:17.7]} 9. Na3 {[%clk 0:15:09.6]} b5 {[%clk 0:15:20.7]} 10. Nd5 {[%clk 0:15:11.6]} Bg7 {[%clk 0:15:24.0]} 11. Bd3 {[%clk 0:15:00.0]} Ne7 {[%clk 0:14:44.8]} 12. Nxe7 {[%clk 0:14:52.3]} Qxe7 {[%clk 0:14:48.1]} 13. Qh5 {[%clk 0:14:33.8]} f5 {[%clk 0:14:38.4]} 14. c3 {[%clk 0:13:47.2]} d5 {[%clk 0:14:29.1]} 15. exf5 {[%clk 0:12:40.9]} e4 {[%clk 0:14:18.7]} 16. Bc2 {[%clk 0:11:29.3]} Qe5 {[%clk 0:12:30.1]} 17. 0-0 {[%clk 0:10:30.5]} Bxf5 {[%clk 0:12:09.0]} 18. Rad1 {[%clk 0:09:36.9]} Rd8 {[%clk 0:12:02.5]} 19. Bb3 {[%clk 0:09:11.4]} 0-0 {[%clk 0:11:13.4]} 20. Nc2 {[%clk 0:09:03.8]} Rd6 {[%clk 0:11:05.0]} 21. f4 {[%clk 0:07:18.7]} exf3 {[%clk 0:10:06.5]} 22. Qxf3 {[%clk 0:06:57.4]} Be4 {[%clk 0:09:54.0]} 23. Qf4 {[%clk 0:06:44.6]} Qe7 {[%clk 0:09:54.6]} 24. Ne3 {[%clk 0:05:52.5]} Rf6 {[%clk 0:08:21.6]} 25. Qg3 {[%clk 0:04:42.3]} Rg6 {[%clk 0:08:23.0]} 26. Qf2 {[%clk 0:04:34.9]} Bh6 {[%clk 0:06:45.8]} 27. Nxd5 {[%clk 0:04:22.2]} Bxd5 {[%clk 0:06:38.5]} 28. Rfe1 {[%clk 0:04:05.8]} Be6 {[%clk 0:06:17.6]} 29. Rd4 {[%clk 0:03:13.6]} Qf6 {[%clk 0:05:43.2]} 30. Bxe6 {[%clk 0:02:42.8]} Qxf2+ {[%clk 0:05:38.1]} 31. Kxf2 {[%clk 0:02:43.0]} fxe6+ {[%clk 0:05:41.7]} 32. Kg1 {[%clk 0:02:36.6]} e5 {[%clk 0:05:25.2]} 33. Rd5 {[%clk 0:02:33.7]} Bg7 {[%clk 0:05:23.7]} 34. Rd7 {[%clk 0:02:29.3]} Re6 {[%clk 0:05:20.2]} 35. Red1 {[%clk 0:02:17.4]} e4 {[%clk 0:05:19.8]} 36. Ra7 {[%clk 0:02:17.0]} Bh6 {[%clk 0:05:11.1]} {White Resigned} 0-1

[Event "NK 2023 kwalicificatie"]
[Site "Haarlem, Netherlands"]
[Date "2023.06.04"]
[Round "4.4"]
[White "Timmermans, Mark"]
[Black "Beerdsen, Thomas"]
[Result "1/2-1/2"]
[BlackCountry "NL"]
[BlackElo "2520"]
[BlackTitle "IM"]
[WhiteCountry "NL"]
[WhiteElo "2402"]
[WhiteTitle "IM"]

1. e4 {[%clk 0:15:05.0]} c5 {[%clk 0:15:01.9]} 2. Nf3 {[%clk 0:15:06.5]} e6 {[%clk 0:15:02.3]} 3. d4 {[%clk 0:15:10.3]} cxd4 {[%clk 0:15:06.0]} 4. Nxd4 {[%clk 0:15:14.1]} Nc6 {[%clk 0:15:09.5]} 5. Nxc6 {[%clk 0:15:17.9]} bxc6 {[%clk 0:15:12.3]} 6. Bd3 {[%clk 0:15:21.4]} Nf6 {[%clk 0:14:56.6]} 7. 0-0 {[%clk 0:15:19.7]} d5 {[%clk 0:14:57.8]} 8. Nc3 {[%clk 0:14:52.6]} Be7 {[%clk 0:14:39.9]} 9. Re1 {[%clk 0:14:54.5]} 0-0 {[%clk 0:14:42.7]} 10. Qe2 {[%clk 0:14:52.2]} a5 {[%clk 0:14:42.6]} 11. Bf4 {[%clk 0:11:20.3]} g6 {[%clk 0:12:33.1]} 12. Rad1 {[%clk 0:11:11.4]} Qb6 {[%clk 0:12:21.7]} 13. Na4 {[%clk 0:10:58.1]} Qa7 {[%clk 0:12:05.3]} 14. Be3 {[%clk 0:10:45.0]} Qc7 {[%clk 0:11:55.2]} 15. Bh6 {[%clk 0:08:50.1]} Re8 {[%clk 0:11:50.9]} 16. e5 {[%clk 0:08:54.0]} Nd7 {[%clk 0:11:45.7]} 17. c4 {[%clk 0:08:45.0]} Ba6 {[%clk 0:11:42.7]} 18. h4 {[%clk 0:08:06.6]} Bxh4 {[%clk 0:11:17.3]} 19. cxd5 {[%clk 0:06:42.8]} Bxd3 {[%clk 0:11:18.0]} 20. Rxd3 {[%clk 0:06:45.5]} exd5 {[%clk 0:10:55.2]} 21. Bf4 {[%clk 0:06:35.0]} Re6 {[%clk 0:10:55.3]} 22. Qg4 {[%clk 0:06:01.7]} Be7 {[%clk 0:10:51.4]} 23. Bg3 {[%clk 0:06:05.4]} Nxe5 {[%clk 0:09:52.2]} 24. Qd1 {[%clk 0:05:40.7]} Bd6 {[%clk 0:09:26.7]} 25. Rde3 {[%clk 0:05:44.5]} Rae8 {[%clk 0:09:28.4]} 26. Nc3 {[%clk 0:05:42.8]} Nc4 {[%clk 0:09:09.1]} 27. Rxe6 {[%clk 0:05:23.6]} Rxe6 {[%clk 0:09:12.1]} 28. Rxe6 {[%clk 0:05:12.2]} fxe6 {[%clk 0:09:14.9]} 29. Qg4 {[%clk 0:05:16.3]} Bxg3 {[%clk 0:08:52.2]} 30. Qxe6+ {[%clk 0:05:15.5]} Kg7 {[%clk 0:08:48.2]} 31. fxg3 {[%clk 0:05:18.8]} Nxb2 {[%clk 0:08:10.0]} 32. g4 {[%clk 0:05:22.2]} Nd3 {[%clk 0:06:57.1]} 33. g5 {[%clk 0:05:20.9]} Nf4 {[%clk 0:06:29.1]} 34. Qf6+ {[%clk 0:05:11.8]} Kg8 {[%clk 0:06:32.9]} 35. g3 {[%clk 0:05:04.9]} Nh5 {[%clk 0:06:30.3]} 36. Qe6+ {[%clk 0:05:08.6]} Kg7 {[%clk 0:06:24.9]} 37. Ne2 {[%clk 0:05:12.5]} Kf8 {[%clk 0:05:49.1]} 38. g4 {[%clk 0:05:07.2]} Ng7 {[%clk 0:05:41.7]} 39. Qf6+ {[%clk 0:05:11.0]} Ke8 {[%clk 0:05:25.6]} 40. Nd4 {[%clk 0:04:54.2]} Qe7 {[%clk 0:04:56.7]} 41. Qxc6+ {[%clk 0:04:57.5]} Qd7 {[%clk 0:05:00.3]} 42. Qa8+ {[%clk 0:04:39.9]} Kf7 {[%clk 0:05:01.6]} 43. Kf2 {[%clk 0:04:38.1]} Ne6 {[%clk 0:04:48.7]} 44. Nf3 {[%clk 0:04:42.4]} Qd6 {[%clk 0:03:05.3]} 45. Qxa5 {[%clk 0:04:40.4]} Nc5 {[%clk 0:03:04.4]} 46. Qa7+ {[%clk 0:04:32.1]} Ke8 {[%clk 0:02:55.3]} 47. Qa8+ {[%clk 0:04:09.6]} Kd7 {[%clk 0:02:42.2]} 48. Qa7+ {[%clk 0:03:36.6]} Kc8 {[%clk 0:02:30.4]} 49. Qa8+ {[%clk 0:03:04.1]} Kd7 {[%clk 0:02:32.1]} 50. Qa7+ {[%clk 0:03:07.5]} Kc8 {[%clk 0:02:34.9]} 51. Qa8+ {[%clk 0:03:11.5]} Kd7 {[%clk 0:02:38.8]} {Draw by Repetition} 1/2-1/2

[Event "NK 2023 kwalicificatie"]
[Site "Haarlem, Netherlands"]
[Date "2023.06.04"]
[Round "4.5"]
[White "Maatman, Nick"]
[Black "De Winter, Arthur"]
[Result "0-1"]
[BlackCountry "NL"]
[BlackElo "2378"]
[BlackTitle "FM"]
[WhiteCountry "NL"]
[WhiteElo "2362"]
[WhiteTitle "IM"]

1. d4 {[%clk 0:15:05.0]} Nf6 {[%clk 0:15:03.1]} 2. c4 {[%clk 0:15:08.5]} g6 {[%clk 0:15:07.4]} 3. Nc3 {[%clk 0:15:12.5]} Bg7 {[%clk 0:15:11.7]} 4. e4 {[%clk 0:15:16.5]} d6 {[%clk 0:15:16.0]} 5. Nf3 {[%clk 0:15:20.4]} 0-0 {[%clk 0:15:20.0]} 6. Be2 {[%clk 0:15:24.2]} e5 {[%clk 0:15:24.0]} 7. 0-0 {[%clk 0:15:27.3]} Nc6 {[%clk 0:15:28.0]} 8. d5 {[%clk 0:15:31.1]} Ne7 {[%clk 0:15:32.3]} 9. b4 {[%clk 0:15:35.1]} a5 {[%clk 0:15:36.4]} 10. bxa5 {[%clk 0:15:38.8]} Rxa5 {[%clk 0:15:40.4]} 11. a4 {[%clk 0:15:41.3]} Ra8 {[%clk 0:15:44.3]} 12. c5 {[%clk 0:15:32.7]} dxc5 {[%clk 0:15:38.8]} 13. Be3 {[%clk 0:15:36.2]} b6 {[%clk 0:15:42.7]} 14. a5 {[%clk 0:15:40.2]} Bg4 {[%clk 0:15:45.6]} 15. Nd2 {[%clk 0:15:43.0]} Bxe2 {[%clk 0:15:48.4]} 16. Qxe2 {[%clk 0:15:47.0]} Rxa5 {[%clk 0:15:52.4]} 17. Rxa5 {[%clk 0:15:50.2]} bxa5 {[%clk 0:15:56.7]} 18. Bxc5 {[%clk 0:15:53.2]} Re8 {[%clk 0:16:01.1]} 19. Ra1 {[%clk 0:15:53.1]} Bf8 {[%clk 0:15:22.8]} 20. Nb3 {[%clk 0:13:35.2]} Qb8 {[%clk 0:13:23.5]} 21. Qc2 {[%clk 0:12:18.4]} Nc8 {[%clk 0:12:02.4]} 22. Bxf8 {[%clk 0:11:36.0]} Kxf8 {[%clk 0:10:57.1]} 23. Rxa5 {[%clk 0:10:30.0]} Nd6 {[%clk 0:10:48.0]} 24. f3 {[%clk 0:09:57.6]} Qb6+ {[%clk 0:10:21.0]} 25. Kh1 {[%clk 0:09:58.7]} Rb8 {[%clk 0:10:07.8]} 26. Ra3 {[%clk 0:09:35.4]} Nc4 {[%clk 0:09:56.5]} 27. Ra4 {[%clk 0:09:38.5]} Ne3 {[%clk 0:09:58.0]} 28. Qc1 {[%clk 0:07:59.8]} Qxb3 {[%clk 0:09:49.7]} 29. Qxe3 {[%clk 0:08:02.6]} Qxc3 {[%clk 0:09:51.6]} {White Resigned} 0-1

[Event "NK 2023 kwalicificatie"]
[Site "Haarlem, Netherlands"]
[Date "2023.06.04"]
[Round "5.2"]
[White "Beerdsen, Thomas"]
[Black "Maatman, Nick"]
[Result "0-1"]
[BlackCountry "NL"]
[BlackElo "2362"]
[BlackTitle "IM"]
[WhiteCountry "NL"]
[WhiteElo "2520"]
[WhiteTitle "IM"]

1. e4 {[%clk 0:15:05.0]} c5 {[%clk 0:15:03.7]} 2. Nf3 {[%clk 0:15:08.1]} d6 {[%clk 0:15:07.8]} 3. d4 {[%clk 0:15:12.0]} cxd4 {[%clk 0:15:11.9]} 4. Nxd4 {[%clk 0:15:15.9]} Nf6 {[%clk 0:15:15.6]} 5. Nc3 {[%clk 0:15:19.6]} Nc6 {[%clk 0:15:19.7]} 6. Bc4 {[%clk 0:15:23.1]} e6 {[%clk 0:15:21.7]} 7. Be3 {[%clk 0:15:21.6]} Be7 {[%clk 0:15:20.6]} 8. Qe2 {[%clk 0:15:21.6]} 0-0 {[%clk 0:15:19.3]} 9. 0-0-0 {[%clk 0:15:19.0]} Nxd4 {[%clk 0:15:05.2]} 10. Bxd4 {[%clk 0:15:00.8]} a6 {[%clk 0:15:07.2]} 11. Bb3 {[%clk 0:14:50.2]} b5 {[%clk 0:15:06.1]} 12. e5 {[%clk 0:14:35.0]} dxe5 {[%clk 0:15:07.4]} 13. Qxe5 {[%clk 0:13:58.2]} Bb7 {[%clk 0:14:55.3]} 14. Rhe1 {[%clk 0:13:45.9]} Qb8 {[%clk 0:14:48.8]} 15. Qe2 {[%clk 0:12:47.6]} Qxh2 {[%clk 0:13:40.7]} 16. Be5 {[%clk 0:10:33.1]} Qh6+ {[%clk 0:13:42.7]} 17. f4 {[%clk 0:10:30.4]} Rad8 {[%clk 0:13:27.5]} 18. g4 {[%clk 0:09:15.0]} Qh3 {[%clk 0:13:28.0]} 19. g5 {[%clk 0:06:48.2]} Bf3 {[%clk 0:13:30.8]} 20. gxf6 {[%clk 0:06:20.2]} Bxe2 {[%clk 0:13:19.7]} 21. fxe7 {[%clk 0:06:21.2]} Rxd1+ {[%clk 0:13:13.6]} 22. Nxd1 {[%clk 0:06:18.2]} Re8 {[%clk 0:12:40.5]} 23. Rxe2 {[%clk 0:06:21.9]} Rxe7 {[%clk 0:12:38.3]} 24. c3 {[%clk 0:06:07.9]} Rd7 {[%clk 0:12:23.4]} 25. Bc2 {[%clk 0:05:54.8]} h5 {[%clk 0:12:13.8]} 26. Bd4 {[%clk 0:05:30.6]} h4 {[%clk 0:12:06.7]} 27. f5 {[%clk 0:05:28.4]} exf5 {[%clk 0:11:21.5]} 28. Re8+ {[%clk 0:05:07.9]} Kh7 {[%clk 0:11:24.9]} 29. Ne3 {[%clk 0:05:11.7]} Qh1+ {[%clk 0:11:18.3]} 30. Kd2 {[%clk 0:05:13.8]} Rxd4+ {[%clk 0:11:10.6]} 31. cxd4 {[%clk 0:05:17.6]} g6 {[%clk 0:11:14.5]} 32. Re7 {[%clk 0:04:34.9]} f4 {[%clk 0:10:51.3]} 33. Nd1 {[%clk 0:03:57.4]} Qd5 {[%clk 0:10:14.2]} 34. Bb3 {[%clk 0:03:59.1]} Qxd4+ {[%clk 0:10:16.9]} 35. Ke2 {[%clk 0:04:03.4]} h3 {[%clk 0:09:58.6]} 36. Rxf7+ {[%clk 0:03:40.2]} Kh6 {[%clk 0:10:01.8]} 37. Nf2 {[%clk 0:03:32.8]} h2 {[%clk 0:09:39.7]} 38. Rf8 {[%clk 0:03:05.1]} Kg5 {[%clk 0:09:13.7]} 39. Nh3+ {[%clk 0:02:53.8]} Kh4 {[%clk 0:08:36.7]} 40. Rxf4+ {[%clk 0:02:39.7]} Qxf4 {[%clk 0:08:39.2]} 41. Nxf4 {[%clk 0:02:43.7]} h1=Q {[%clk 0:08:42.2]} 42. Nxg6+ {[%clk 0:02:47.5]} Kg5 {[%clk 0:08:45.4]} 43. Bc2 {[%clk 0:02:51.2]} Qg2+ {[%clk 0:08:35.5]} 44. Kd1 {[%clk 0:02:53.8]} Qd5+ {[%clk 0:08:38.8]} 45. Kc1 {[%clk 0:02:55.7]} Qxa2 {[%clk 0:08:42.6]} 46. Ne5 {[%clk 0:02:59.8]} Qa1+ {[%clk 0:08:27.5]} 47. Bb1 {[%clk 0:02:59.6]} Kf4 {[%clk 0:08:27.3]} 48. Nd3+ {[%clk 0:03:01.0]} Ke3 {[%clk 0:08:29.3]} 49. Ne1 {[%clk 0:02:50.9]} Ke2 {[%clk 0:07:53.5]} 50. Nc2 {[%clk 0:02:51.0]} Qa4 {[%clk 0:07:56.8]} 51. b4 {[%clk 0:02:50.2]} Kd3 {[%clk 0:06:06.0]} 52. Kb2 {[%clk 0:02:50.6]} Kd2 {[%clk 0:06:09.9]} {White Resigned} 0-1